| 000 | 00840nam a2200217 a 4500 | ||
|---|---|---|---|
| 001 | 000030916 | ||
| 003 | DO-SdBNP | ||
| 005 | 20250923111605.0 | ||
| 007 | ta | ||
| 008 | 110606s1984 dr 000 0 spa d | ||
| 040 |
_aDO-SdBNP _bspa _cBNPHU |
||
| 049 | _aBNPD | ||
| 082 | 4 | _222 | |
| 245 | 0 | 0 | _aDiscurso del dr. Fernando Sánchez Martínez, rector de la Universidad Autónoma de Santo Domingo en la primera investidura ordinaria del Centro Regional Universitario del Noroeste-CURNO -celebrada el 8 de abril de 1984. |
| 260 |
_aSanto Domingo : _bUniversidad Autónoma de Santo, _c1984. |
||
| 300 |
_a18 p. ; _c22 cm. |
||
| 490 | 1 |
_aPubicaciones de la Universidad Autónoma de Santo _v338 |
|
| 490 | 1 |
_aDiscursos _v2 |
|
| 830 | 0 |
_aPublicaciones de la Universidad Autónoma de Santo Domingo _v338 _pDiscursos _n2 _938357 |
|
| 942 |
_2ddc _cLBS1 |
||
| 999 |
_c30408 _d30408 |
||